Интеграция науки, общества, производства и промышленности: проблемы и перспективы (Запись № 13686033)

Подробности
000 -МАРКЕР
контрольное поле 02315nam0a2200361 4500
001 - ИДЕНТИФИКАТОР ЗАПИСИ
контрольное поле RU\NLR\BIBL_A\022660455
005 - ИДЕНТИФИКАТОР ВЕРСИИ
контрольное поле 20260420055809.0
010 ## - МЕЖДУНАРОДНЫЙ СТАНДАРТНЫЙ НОМЕР КНИГИ (ISBN)
Номер (ISBN) 978-5-908035-08-8
Тираж 500
021 ## - НОМЕР ГОСУДАРСТВЕННОЙ РЕГИСТРАЦИИ
Код страны Российская Федерация
Номер КН-П-25-058117
Номер Листа государственной регистраци КН-П-25-5596
035 ## - ДРУГИЕ СИСТЕМНЫЕ НОМЕРА
Идентификатор записи (NLR Aleph) 022660455
100 ## - ДАННЫЕ ОБЩЕЙ ОБРАБОТКИ
Данные общей обработки 20251106d2025 k y0rusy50 ca
101 0# - ЯЗЫК РЕСУРСА
Язык текста, звукозаписи и т.д. русский
-- английский
102 ## - СТРАНА ПУБЛИКАЦИИ ИЛИ ПРОИЗВОДСТВА
Страна публикации Российская Федерация
105 ## - ПОЛЕ КОДИРОВАННЫХ ДАННЫХ: ТЕКСТОВЫЕ МАТЕРИАЛЫ, МОНОГРАФИЧЕСКИЕ
Кодированные данные о монографическом текстовом документе a z 100yy
181 #0 - ПОЛЕ КОДИРОВАННЫХ ДАННЫХ: ВИД СОДЕРЖАНИЯ
Код вида содержания (ISBD) i3
Код характеристики содержания (ISBD) axxe
182 #0 - ПОЛЕ КОДИРОВАННЫХ ДАННЫХ: ТИП СРЕДСТВА
Код типа средства (ISBD) n - непосредственное
200 1# - ЗАГЛАВИЕ И СВЕДЕНИЯ ОБ ОТВЕТСТВЕННОСТИ
Основное заглавие Интеграция науки, общества, производства и промышленности: проблемы и перспективы
Сведения, относящиеся к заглавию сборник статей Международной научно-практической конференции, 27 июня 2025 г., [г. Киров]
Первые сведения об ответственности Omega Science, международный центр инновационных исследований
Последующие сведения об ответственности [ответственный редактор: Сукиасян Асатур Альбертович, к. э. н.]
203 ## - ВИД СОДЕРЖАНИЯ И ТИП СРЕДСТВА
Вид содержания Текст
Дополнительные сведения об издании визуальный
Тип средства непосредственный
210 ## - ПУБЛИКАЦИЯ, РАСПРОСТРАНЕНИЕ И ДР.
Место издания, распространения и т.д. Киров
Имя издателя, распространителя и т. д. [б. и.]
Место издания, распространения и т.д. Уфа
Имя издателя, распространителя и т. д. МЦИИ Омега Сайнс
Дата издания, распространения и т.д. 2025
215 ## - ФИЗИЧЕСКАЯ ХАРАКТЕРИСТИКА
Специфическое обозначение материала и объем 235 с.
Другие сведения о физической характеристике ил., табл.
Размеры 21
300 ## - ОБЩИЕ ПРИМЕЧАНИЯ
Текст примечания Часть текста парал. на рус. и англ. яз.
320 ## - ПРИМЕЧАНИЯ О НАЛИЧИИ В ДОКУМЕНТЕ БИБЛИОГРАФИИ / УКАЗАТЕЛЯ
Текст примечания Библиогр. в конце ст.
606 1# - НАИМЕНОВАНИЕ ТЕМЫ КАК ПРЕДМЕТ
Наименование темы Научные конференции
Формальный подзаголовок Сборники
Географический подзаголовок Киров, город
Системный номер авторитетной/нормативной записи 2282706
Идентификатор авторитетной/нормативной записи RU\NLR\AUTH\6601595649
686 1# - ИНДЕКСЫ ДРУГИХ КЛАССИФИКАЦИЙ
Индекс Я431(2Р-4Ки-2К)
702 #1 - ИМЯ ЛИЦА - ВТОРИЧНАЯ ОТВЕТСТВЕННОСТЬ
Код отношения Редактор
Графика поля Кириллица
Материалы, к которым относится поле rus
Начальный элемент ввода Сукиасян
Часть имени, кроме начального элемента ввода А. А.
Дополнения к именам, кроме дат канд. экон. наук
Расширение инициалов личного имени Асатур Альбертович
Системный номер авторитетной/нормативной записи 222547
Идентификатор авторитетной/нормативной записи RU\NLR\AUTH\770222603
711 12 - НАИМЕНОВАНИЕ ОРГАНИЗАЦИИ - АЛЬТЕРНАТИВНАЯ ОТВЕТСТВЕННОСТЬ
Начальный элемент ввода "Интеграция науки, общества, производства и промышленности: проблемы и перспективы", международная научно-практическая конференция
Место проведения временной организации Киров
Дата проведения временной организации 2025
Системный номер авторитетной/нормативной записи 2685355
Идентификатор авторитетной/нормативной записи RU\NLR\AUTH\880634603
712 02 - НАИМЕНОВАНИЕ ОРГАНИЗАЦИИ - ВТОРИЧНАЯ ОТВЕТСТВЕННОСТЬ
Код отношения Издающая организация
Начальный элемент ввода "Омега Сайнс", международный центр инновационных исследований
Идентифицирующий признак Уфа
Системный номер авторитетной/нормативной записи 451016
Идентификатор авторитетной/нормативной записи RU\NLR\AUTH\880392581
942 ## - ДОПОЛНИТЕЛЬНЫЕ ЭЛЕМЕНТЫ ЗАПИСИ (АБИС)
Тип экземпляра АБИС Книга
980 ## - КОЛЛЕКЦИЯ
Название коллекции Национальная библиография

Нет доступных экземпляров.